[Event "ChessOrg Schachfestival 2024 Bad Wörishofen"]
[White "Loibl, Johann"]
[Black "Auschkalnis, Reinhard"]
[Site "Bad Woerishofen"]
[Round "3.60"]
[Annotator "wempe"]
[Result "1-0"]
[Date "2024.??.??"]
[WhiteElo "1843"]
[BlackElo "1732"]
[PlyCount "59"]
[GameId "2118793979371800"]
[EventDate "2024.03.10"]

1. e4 c5 2. b4 cxb4 3. a3 d5 4. exd5 Qxd5 5. Nf3 e6 6. Bb2 Nf6 7. Be2 Nc6 8. O-O Be7 9. axb4 Nxb4 10. Nc3 Qd8 11. Ne5 Nc6 12. Nxc6 bxc6 13. Bf3 Bd7 14. Qe2 O-O 15. Ra6 Qc7 16. Rfa1 Rfb8 17. Na4 Nd5 18. Bxd5 Rxb2 19. Nxb2 Bf6 20. Bb3 Bxb2 21. R1a2 Bf6 22. Qe3 c5 23. Qe4 Qb8 24. g3 Bd8 25. h4 Bc8 26. Rd6 Be7 27. Rd3 Bb7 28. Qg4 Qf8 29. Rd7 Qc8 30. Bxe6 1-0

[Event "ChessOrg Schachfestival 2024 Bad Wörishofen"]
[White "Willer, Walter"]
[Black "Heid, Magdalene"]
[Site "Bad Woerishofen"]
[Round "3.61"]
[Annotator "wempe"]
[Result "0-1"]
[Date "2024.??.??"]
[WhiteElo "1835"]
[BlackElo "1714"]
[PlyCount "112"]
[GameId "2118793979371801"]
[EventDate "2024.03.10"]

1. d4 d5 2. e3 Nf6 3. f4 Bf5 4. Nf3 e6 5. Bd3 Nbd7 6. O-O Be7 7. Ne5 O-O 8. Nd2 c5 9. Ndf3 c4 10. Bxf5 exf5 11. c3 Ne4 12. Nd2 Ndf6 13. Rf3 Nxd2 14. Bxd2 Ne4 15. Rh3 g6 16. Be1 f6 17. Nf3 b5 18. b3 a5 19. Nh4 Qd7 20. Qf3 g5 21. Nxf5 Qxf5 22. g4 Qd7 23. f5 Bd6 24. Rh5 Rac8 25. Rc1 Rc6 26. h4 Kh8 27. Kf1 Bb8 28. Rc2 Rfc8 29. b4 axb4 30. cxb4 Ra6 31. Qg2 Bd6 32. hxg5 fxg5 33. Rh6 Rcc6 34. Qh3 Bf8 35. Rh5 Rh6 36. Bg3 Rxh5 37. Be5+ Bg7 38. Bxg7+ Qxg7 39. gxh5 Qf7 40. Ke1 Rf6 41. a4 bxa4 42. Ra2 Rxf5 43. Rxa4 c3 44. h6 Rf1+ 45. Qxf1 Qxf1+ 46. Kxf1 Kg8 47. Ra6 c2 48. Rc6 Nd2+ 49. Ke2 Nc4 50. Rxc4 dxc4 51. Kd2 c1=Q+ 52. Kxc1 Kf8 53. b5 Ke8 54. e4 g4 55. e5 g3 56. b6 g2 0-1

[Event "ChessOrg Schachfestival 2024 Bad Wörishofen"]
[White "Kleinhenz, Hans-Georg"]
[Black "Christoffersen, Odd"]
[Site "Bad Woerishofen"]
[Round "3.62"]
[Annotator "wempe"]
[Result "1/2-1/2"]
[Date "2024.??.??"]
[WhiteElo "1833"]
[BlackElo "1701"]
[PlyCount "43"]
[GameId "2118793979371802"]
[EventDate "2024.03.10"]

1. d4 Nf6 2. Nf3 b6 3. g3 e6 4. Bg2 Bb7 5. O-O d5 6. b3 Nbd7 7. c4 Be7 8. Bb2 O-O 9. Nbd2 c5 10. e3 Rc8 11. Qe2 Qc7 12. Rac1 Qb8 13. cxd5 Nxd5 14. Nc4 Rfd8 15. h4 Nb4 16. a3 Nc6 17. Rfd1 b5 18. Nce5 Ncxe5 19. Nxe5 Bxg2 20. Kxg2 Nxe5 21. dxe5 Qb7+ 22. f3 1/2-1/2

[Event "ChessOrg Schachfestival 2024 Bad Wörishofen"]
[White "Huber, Helmut"]
[Black "Ruf, Helmut"]
[Site "Bad Woerishofen"]
[Round "3.64"]
[Annotator "wempe"]
[Result "1-0"]
[Date "2024.??.??"]
[WhiteElo "1830"]
[BlackElo "1645"]
[PlyCount "45"]
[GameId "2101324658942366"]
[EventDate "2024.03.10"]

1. Nf3 Nf6 2. d4 d5 3. c4 e6 4. Nc3 Be7 5. Bf4 a6 6. e3 O-O 7. Rc1 Nbd7 8. cxd5 exd5 9. Bd3 c6 10. Qc2 h6 11. h3 Re8 12. O-O Nh5 13. Bh2 Nf8 14. Ne5 Be6 15. Qb3 Bc8 16. Na4 Bd6 17. Nb6 Rb8 18. e4 f6 19. Nf3 Bxh2+ 20. Nxh2 Be6 21. exd5 Bxd5 22. Nxd5 Qxd5 23. Bc4 1-0

[Event "ChessOrg Schachfestival 2024 Bad Wörishofen"]
[White "Mitterholzer, Helmuth"]
[Black "Kumeth, Hartmut"]
[Site "Bad Woerishofen"]
[Round "3.65"]
[Annotator "wempe"]
[Result "1/2-1/2"]
[Date "2024.??.??"]
[WhiteElo "1644"]
[BlackElo "1830"]
[PlyCount "33"]
[GameId "2118793979535645"]
[EventDate "2024.03.10"]

1. e4 e5 2. Nf3 d6 3. d4 exd4 4. Nxd4 Be7 5. c4 Nf6 6. Nc3 O-O 7. Be2 c5 8. Nf3 Nc6 9. O-O Be6 10. b3 a6 11. Bb2 Nd7 12. Nd5 Bxd5 13. cxd5 Nce5 14. Nxe5 Nxe5 15. f4 Nd7 16. f5 Bf6 17. Bxf6 1/2-1/2

[Event "ChessOrg Schachfestival 2024 Bad Wörishofen"]
[White "Leser, Alfred"]
[Black "Walther, Renate"]
[Site "Bad Woerishofen"]
[Round "3.66"]
[Annotator "wempe"]
[Result "1-0"]
[Date "2024.??.??"]
[WhiteElo "1825"]
[BlackElo "1561"]
[PlyCount "63"]
[GameId "2101325699879362"]
[EventDate "2024.03.10"]

1. d4 d5 2. Nc3 Nf6 3. Bf4 Nc6 4. Nb5 e5 5. Bxe5 Bd6 6. Nf3 O-O 7. Nxd6 cxd6 8. Bg3 Bf5 9. Nh4 Be6 10. e3 Nh5 11. Qxh5 Qd7 12. Bd3 g6 13. Qe2 f5 14. f4 Nb4 15. O-O Nxd3 16. cxd3 Rac8 17. Rfc1 Rc6 18. Rc3 Rxc3 19. bxc3 Rc8 20. Be1 Kf7 21. Nf3 h6 22. h4 Kg7 23. Kf2 Qe7 24. g3 Rg8 25. c4 Kh7 26. e4 fxe4 27. dxe4 dxe4 28. Qxe4 Qf7 29. d5 Bf5 30. Qd4 b6 31. Bc3 Qe7 32. Re1 1-0

[Event "ChessOrg Schachfestival 2024 Bad Wörishofen"]
[White "Jovi, Klaus"]
[Black "Auterhoff, Juergen"]
[Site "Bad Woerishofen"]
[Round "3.67"]
[Annotator "wempe"]
[Result "0-1"]
[Date "2024.??.??"]
[WhiteElo "1709"]
[BlackElo "1838"]
[PlyCount "70"]
[GameId "2101326350721489"]
[EventDate "2024.03.10"]

1. c4 c5 2. Nc3 Nc6 3. Nf3 Nf6 4. g3 g6 5. Bg2 Bg7 6. O-O O-O 7. e3 e6 8. d4 cxd4 9. exd4 d5 10. cxd5 Nxd5 11. Nxd5 exd5 12. Be3 Bf5 13. a3 Be4 14. Qd2 Qe7 15. Rac1 Rac8 16. b4 a6 17. Rfe1 Rfe8 18. h4 Qf6 19. Ne5 Nxe5 20. dxe5 Qxe5 21. Bxe4 dxe4 22. Rxc8 Rxc8 23. Rc1 Rxc1+ 24. Qxc1 Qc3 25. Qxc3 Bxc3 26. Bc1 f5 27. Kf1 Kf7 28. Ke2 Bd4 29. Bd2 b5 30. Bc1 Ke6 31. f4 Kd5 32. h5 Kc4 33. hxg6 hxg6 34. Be3 Bb2 35. Bc5 Bxa3 0-1

[Event "ChessOrg Schachfestival 2024 Bad Wörishofen"]
[White "Niesswohl, Werner"]
[Black "Hackbarth, Christa"]
[Site "Bad Woerishofen"]
[Round "3.68"]
[Annotator "wempe"]
[Result "1/2-1/2"]
[Date "2024.??.??"]
[WhiteElo "1699"]
[BlackElo "1833"]
[PlyCount "72"]
[GameId "2101326693110235"]
[EventDate "2024.03.10"]

1. e4 c6 2. d4 d5 3. Nc3 dxe4 4. Nxe4 Bf5 5. Ng3 Bg6 6. h4 h6 7. Nf3 Nd7 8. h5 Bh7 9. Bd3 Bxd3 10. Qxd3 e6 11. Bd2 Ngf6 12. Ne4 Nxe4 13. Qxe4 Nf6 14. Qd3 Bd6 15. a3 Qc7 16. Qe2 Rd8 17. Ne5 Bxe5 18. dxe5 Nd5 19. c4 Ne7 20. g4 c5 21. O-O-O O-O 22. f4 Nc6 23. Be3 b6 24. Rhg1 Rxd1+ 25. Rxd1 Rd8 26. g5 Rxd1+ 27. Qxd1 hxg5 28. fxg5 Qxe5 29. Qf3 Nd4 30. Qa8+ Kh7 31. g6+ fxg6 32. hxg6+ Kxg6 33. Qg2+ Kf7 34. Bxd4 cxd4 35. Qb7+ Kg6 36. Qxa7 Qf4+ 1/2-1/2

[Event "ChessOrg Schachfestival 2024 Bad Wörishofen"]
[White "Babenko, Aleksej"]
[Black "Mahrla, Hans"]
[Site "Bad Woerishofen"]
[Round "3.69"]
[Annotator "wempe"]
[Result "1/2-1/2"]
[Date "2024.??.??"]
[WhiteElo "1819"]
[BlackElo "1722"]
[PlyCount "44"]
[GameId "2101327882822117"]
[EventDate "2024.03.10"]

1. Nf3 e6 2. c4 c5 3. b3 d6 4. Bb2 Nc6 5. e3 e5 6. d3 Bg4 7. Be2 f5 8. h3 Bh5 9. O-O Nf6 10. Nfd2 Bxe2 11. Qxe2 Be7 12. f4 O-O 13. fxe5 dxe5 14. Rxf5 Qd7 15. Rf1 Rad8 16. d4 exd4 17. Nf3 d3 18. Qe1 Ne4 19. a3 d2 20. Nbxd2 Nxd2 21. Rd1 Nxf3+ 22. gxf3 Qxh3 1/2-1/2

[Event "ChessOrg Schachfestival 2024 Bad Wörishofen"]
[White "Semisch, Helga"]
[Black "Narr, Irmgard"]
[Site "Bad Woerishofen"]
[Round "3.70"]
[Annotator "wempe"]
[Result "1/2-1/2"]
[Date "2024.??.??"]
[WhiteElo "1636"]
[BlackElo "1755"]
[PlyCount "49"]
[GameId "2101329368646127"]
[EventDate "2024.03.10"]

1. e4 e6 2. Nc3 d5 3. exd5 exd5 4. d4 Nf6 5. Bd3 Be7 6. h3 c6 7. f4 Nbd7 8. Nf3 b5 9. O-O O-O 10. a3 Qc7 11. Ne5 Qb6 12. Be3 Re8 13. Nxd7 Bxd7 14. Qf3 Rad8 15. Ne2 Bd6 16. Ng3 Bb8 17. Rae1 a5 18. Nh5 Ne4 19. f5 Qc7 20. Bf4 Qb6 21. Be3 Re7 22. f6 Nxf6 23. Nxf6+ gxf6 24. Qxf6 Rde8 25. Qg5+ 1/2-1/2

[Event "ChessOrg Schachfestival 2024 Bad Wörishofen"]
[White "Grandl, Klaus"]
[Black "Beitz, Joanne"]
[Site "Bad Woerishofen"]
[Round "3.72"]
[Result "1/2-1/2"]
[Date "2024.??.??"]
[WhiteElo "1726"]
[BlackElo "1540"]
[PlyCount "26"]
[GameId "2101634868179461"]
[EventDate "2024.03.10"]

1. e4 c6 2. Nf3 Nf6 3. d3 d5 4. e5 Nfd7 5. d4 e6 6. c3 Be7 7. Bd3 b5 8. Qc2 g6 9. h4 Nf8 10. g4 h6 11. Be3 Ba6 12. b4 Nbd7 13. a4 Nb8 1/2-1/2

[Event "ChessOrg Schachfestival 2024 Bad Wörish"]
[White "Nordby, Bernt"]
[Black "Wagner, Werner"]
[Site "Bad Woerishofen"]
[Round "3.35"]
[Annotator "wempe"]
[Result "1/2-1/2"]
[Date "2024.??.??"]
[WhiteElo "1971"]
[BlackElo "1862"]
[PlyCount "38"]
[GameId "2118793979535653"]
[EventDate "2024.03.10"]

1. d4 Nf6 2. c4 g6 3. Nc3 Bg7 4. e4 d6 5. Be2 O-O 6. Nf3 Nbd7 7. O-O Re8 8. e5 dxe5 9. dxe5 Ng4 10. e6 Nde5 11. Nxe5 Nxe5 12. exf7+ Nxf7 13. Qb3 e6 14. Be3 a6 15. Rad1 Qe7 16. Ne4 b6 17. Bd4 e5 18. Be3 Be6 19. Qc2 Rad8 1/2-1/2

[Event "ChessOrg Schachfestival 2024 Bad Wörishofen"]
[White "Rauch, Uwe"]
[Black "Okrajek, Alexander"]
[Site "Bad Woerishofen"]
[Round "4.1"]
[Annotator "wempe"]
[Result "1/2-1/2"]
[Date "2024.??.??"]
[WhiteElo "2083"]
[BlackElo "2128"]
[PlyCount "122"]
[GameId "2118793979535654"]
[EventDate "2024.03.11"]

{[%evp 0,122,19,38,60,44,44,34,32,44,31,37,37,45,47,47,40,21,51,-9,33,0,16,-2,5,2,0,12,10,14,-10,-15,4,-20,9,14,14,-7,25,42,42,69,122,103,99,47,56,56,87,70,76,89,106,112,100,120,128,136,133,124,110,112,159,147,194,125,125,126,142,134,135,108,125,139,144,1,0,-10,-22,-47,-49,-48,0,0,-15,-102,-79,-108,-101,-109,-94,-26,-26,-26,-26,-33,-33,-5,45,0,0,0,0,0,0,0,0,42,0,3,0,0,0,0,0,0,0,0,0,0,0,0,0,0,0]} 1. e4 c6 2. Nc3 d5 3. Nf3 dxe4 4. Nxe4 Nf6 5. Nxf6+ exf6 6. d4 Bd6 7. Bd3 O-O 8. Be3 Qb6 9. Qc1 Re8 10. h3 c5 11. O-O Nc6 12. c3 cxd4 13. Nxd4 Bc5 14. Re1 Bd7 15. Nc2 Ne5 16. Bf1 Bf5 17. Bxc5 Qxc5 18. Nd4 Bg6 19. Qe3 Red8 20. Rad1 Rdc8 21. f4 Nc6 22. Nb5 Qxe3+ 23. Rxe3 Rd8 24. Rxd8+ Rxd8 25. Nd6 h5 26. Nxb7 Rb8 27. Ba6 Bf5 28. b4 Kf8 29. a3 Ne7 30. c4 Be6 31. Nc5 Rb6 32. Rxe6 fxe6 33. Nd7+ Ke8 34. Nxb6 axb6 35. Bb7 Kd7 36. Bf3 h4 37. Be4 f5 38. Bf3 Ng6 39. a4 Nxf4 40. a5 bxa5 41. bxa5 Kc7 42. a6 Kb6 43. Bb7 Nd3 44. Bc8 g6 45. Bxe6 Kxa6 46. Bf7 Ne5 47. Be6 Kb6 48. Kf2 Kc5 49. Ke3 Kd6 50. Bg8 g5 51. Bh7 f4+ 52. Kd4 f3 53. c5+ Kc7 54. gxf3 Nxf3+ 55. Kd5 Ng1 56. Bf5 Ne2 57. c6 Nf4+ 58. Kc5 Nh5 59. Be4 Nf4 60. Bf5 Ng2 61. Bg4 Nf4 1/2-1/2

[Event "ChessOrg Schachfestival 2024 Bad Wörishofen"]
[White "Pirrot, Dieter"]
[Black "Toenniges, Thomas"]
[Site "Bad Woerishofen"]
[Round "4.3"]
[Annotator "wempe"]
[Result "1-0"]
[Date "2024.??.??"]
[WhiteElo "2313"]
[BlackElo "2027"]
[PlyCount "81"]
[GameId "2118793979535656"]
[EventDate "2024.03.11"]

{[%evp 0,62,24,18,43,34,34,3,13,-6,-11,-3,11,9,21,19,18,17,31,51,51,35,60,56,26,50,89,75,82,81,78,90,85,56,93,87,87,87,95,88,169,151,198,206,251,251,233,250,242,309,309,309,309,437,458,491,546,479,500,355,500,525,546,546,1151]} 1. e4 e6 2. d4 d5 3. e5 c5 4. c3 Nc6 5. Nf3 Nge7 6. Bd3 cxd4 7. cxd4 Bd7 8. Nc3 a6 9. a3 Rc8 10. h4 b5 11. h5 h6 12. O-O Na5 13. a4 b4 14. Ne2 Qb6 15. b3 g6 16. Be3 Rg8 17. Rb1 Nf5 18. hxg6 fxg6 19. Nf4 g5 20. Nh5 Be7 21. Nf6+ Bxf6 22. exf6 Nc6 23. Rc1 g4 24. Rxc6 Bxc6 25. Ne5 Rc7 26. Bxf5 exf5 27. Bxh6 Qb7 28. Re1 Kd8 29. Qd3 Be8 30. Qxf5 g3 31. fxg3 Bf7 32. Bf4 Rf8 33. g4 Qa7 34. Nxf7+ Rcxf7 35. Qxd5+ Rd7 36. Qa5+ Kc8 37. Rc1+ Kb7 38. Rc7+ Rxc7 39. Qxc7+ Ka8 40. Qxa7+ Kxa7 41. g5 1-0

[Event "ChessOrg Schachfestival 2024 Bad Wörishofen"]
[White "Schatz, Christian"]
[Black "Remensberger, Hansuli"]
[Site "Bad Woerishofen"]
[Round "4.4"]
[Annotator "wempe"]
[Result "1/2-1/2"]
[Date "2024.??.??"]
[WhiteElo "2182"]
[BlackElo "2024"]
[PlyCount "31"]
[GameId "2118793979535657"]
[EventDate "2024.03.11"]

{[%evp 0,31,24,-17,34,40,30,27,25,18,10,-2,-13,-65,-18,-90,-6,-1,2,5,5,2,1,10,8,4,4,6,3,7,10,-3,-3,1]} 1. c4 b6 2. Nc3 Bb7 3. d4 e6 4. e4 Bb4 5. Bd3 f5 6. Qe2 Nf6 7. Bg5 Bxc3+ 8. bxc3 fxe4 9. Bxe4 Bxe4 10. Bxf6 Qxf6 11. Qxe4 O-O 12. Nf3 Nc6 13. O-O Qf5 14. Rfe1 Rae8 15. Re2 Qxe4 16. Rxe4 1/2-1/2

[Event "ChessOrg Schachfestival 2024 Bad Wörishofen"]
[White "Daeubler, Heinrich"]
[Black "Remensberger, Paul"]
[Site "Bad Woerishofen"]
[Round "4.5"]
[Annotator "wempe"]
[Result "1/2-1/2"]
[Date "2024.??.??"]
[WhiteElo "2140"]
[BlackElo "2019"]
[PlyCount "52"]
[GameId "2118793979535658"]
[EventDate "2024.03.11"]

{[%evp 0,52,24,-22,-9,-13,-10,0,8,10,20,-5,2,2,6,-6,25,41,39,50,86,53,48,45,97,108,97,78,124,133,133,54,108,92,97,62,168,40,13,-10,51,54,58,-15,69,11,43,-30,-13,-12,15,14,17,0,25]} 1. g3 d5 2. Nf3 Nf6 3. Bg2 e6 4. O-O Be7 5. b3 O-O 6. Bb2 Nbd7 7. d3 c6 8. Nbd2 Qc7 9. e4 dxe4 10. dxe4 Rd8 11. Qe2 Nf8 12. Be5 Qa5 13. Rfd1 b6 14. Nc4 Rxd1+ 15. Rxd1 Qa6 16. Bxf6 gxf6 17. a4 e5 18. Qe3 Be6 19. Bf1 Qb7 20. Qh6 Ng6 21. Be2 Qc7 22. h4 Rd8 23. h5 Rxd1+ 24. Bxd1 Bf8 25. Qd2 Ne7 26. Be2 Qd7 1/2-1/2

[Event "ChessOrg Schachfestival 2024 Bad Wörishofen"]
[White "Kutschenko, Roland"]
[Black "Ernst, Michael"]
[Site "Bad Woerishofen"]
[Round "4.6"]
[Annotator "wempe"]
[Result "1/2-1/2"]
[Date "2024.??.??"]
[WhiteElo "2024"]
[BlackElo "2100"]
[PlyCount "34"]
[GameId "2118793979535659"]
[EventDate "2024.03.11"]

{[%evp 0,34,24,17,41,34,34,40,45,49,49,49,49,49,42,35,43,16,16,18,34,-15,3,-2,0,0,23,13,11,18,30,-10,22,-11,14,4,14]} 1. e4 e6 2. d4 d5 3. Nc3 dxe4 4. Nxe4 Nd7 5. Nf3 Ngf6 6. Nxf6+ Nxf6 7. Bd3 c5 8. dxc5 Bxc5 9. O-O O-O 10. Bg5 b6 11. Qe2 Bb7 12. Rad1 Qc7 13. Bxf6 gxf6 14. Be4 Rfd8 15. h4 Bf8 16. Rfe1 Bg7 17. c3 Rac8 1/2-1/2

[Event "ChessOrg Schachfestival 2024 Bad Wörishofen"]
[White "Tscharotschkin, Michael"]
[Black "Mueller, Erich"]
[Site "Bad Woerishofen"]
[Round "4.7"]
[Annotator "wempe"]
[Result "1/2-1/2"]
[Date "2024.??.??"]
[WhiteElo "2062"]
[BlackElo "2004"]
[PlyCount "123"]
[GameId "2118793979535660"]
[EventDate "2024.03.11"]

{[%evp 0,68,24,36,91,70,91,32,39,34,23,6,10,16,25,6,17,-21,1,-42,9,12,40,29,35,35,72,79,97,93,88,77,94,93,93,90,90,78,113,83,98,82,146,138,240,71,119,91,166,154,159,72,93,61,141,103,100,55,135,70,113,60,66,3,108,-2,76,98,87,106,119]} 1. e4 d6 2. d4 Nf6 3. f3 e5 4. Ne2 Be7 5. c4 exd4 6. Nxd4 Nc6 7. Be3 O-O 8. g3 Bd7 9. Bg2 Nxd4 10. Bxd4 Re8 11. O-O c5 12. Be3 Bc6 13. Nc3 Bf8 14. Qd2 a6 15. a4 Qd7 16. Rfd1 Rad8 17. a5 Qc7 18. Qf2 b5 19. cxb5 axb5 20. b4 Nd7 21. Bf1 Rb8 22. bxc5 dxc5 23. Nd5 Bxd5 24. Rxd5 Qc6 25. a6 Nb6 26. a7 Rbc8 27. Rdd1 Na4 28. Rdc1 c4 29. Kg2 Red8 30. Qa2 Nc5 31. Bxc4 bxc4 32. Qxc4 Qa8 33. Ra5 Nb7 34. Qxc8 Nxa5 35. Qxa8 Rxa8 36. Bb6 Nb7 37. Rc7 Nd6 38. Rd7 Nc8 39. Bd4 f6 40. f4 Ne7 41. Rc7 Nc8 42. e5 fxe5 43. fxe5 Nxa7 44. Bxa7 Re8 45. Bd4 g6 46. Kf3 Be7 47. Ke4 Kf8 48. e6 Rd8 49. Rb7 Ra8 50. Bc3 Rc8 51. Be5 Rc4+ 52. Kd5 Rc5+ 53. Kd4 Rc8 54. Rb8 Rxb8 55. Bxb8 Ba3 56. Kd5 Ke7 57. Be5 Bb4 58. Bb2 Ke8 59. Bf6 Ba3 60. Ke4 Bc1 61. Kf3 Ba3 62. Kg4 1/2-1/2

[Event "ChessOrg Schachfestival 2024 Bad Wörishofen"]
[White "Matzat, Andre"]
[Black "Heppell, Ian"]
[Site "Bad Woerishofen"]
[Round "4.8"]
[Annotator "wempe"]
[Result "1-0"]
[Date "2024.??.??"]
[WhiteElo "2060"]
[BlackElo "1944"]
[PlyCount "75"]
[GameId "2118793979535661"]
[EventDate "2024.03.11"]

{[%evp 0,66,36,24,70,56,85,38,54,50,53,14,29,28,28,38,28,43,47,61,58,27,55,43,29,31,33,33,55,45,61,51,51,56,55,55,57,61,74,89,79,65,103,100,117,131,127,119,118,126,256,129,122,112,158,106,137,130,131,152,135,147,138,147,150,146,144,139,193]} 1. d4 d6 2. Nf3 Bg4 3. c4 Nd7 4. Nc3 e5 5. g3 Ngf6 6. Bg2 c6 7. O-O Be7 8. h3 Bh5 9. Nh4 O-O 10. Nf5 Re8 11. dxe5 dxe5 12. Nd6 Bxd6 13. Qxd6 Re6 14. Qb4 Qc7 15. Be3 Bg6 16. Rfd1 a5 17. Qb3 h6 18. Rd2 Re7 19. Rad1 Rae8 20. Qa3 e4 21. b3 Kh7 22. Qd6 Qxd6 23. Rxd6 Kg8 24. g4 Kh7 25. Kh2 Kg8 26. Kg3 Ne5 27. Na4 Rd7 28. Nc5 Rxd6 29. Rxd6 b6 30. Na4 b5 31. cxb5 cxb5 32. Nc3 b4 33. Nd5 Nfd7 34. Bd4 Ra8 35. Ne7+ Kf8 36. Nxg6+ fxg6 37. Bxe4 Ke7 38. Rxd7+ 1-0

[Event "ChessOrg Schachfestival 2024 Bad Wörishofen"]
[White "Stern, Geoffrey"]
[Black "Heller, Achim"]
[Site "Bad Woerishofen"]
[Round "4.10"]
[Annotator "wempe"]
[Result "1-0"]
[Date "2024.??.??"]
[WhiteElo "1950"]
[BlackElo "2040"]
[PlyCount "139"]
[GameId "2101637036446294"]
[EventDate "2024.03.11"]

1. d4 d5 2. Nc3 Nf6 3. Bf4 e6 4. Nb5 Na6 5. e3 Be7 6. Nf3 O-O 7. Ne5 c6 8. Nc3 Qa5 9. Bd3 Ne4 10. Bxe4 dxe4 11. O-O f6 12. Nc4 Qb4 13. Nd2 f5 14. Rb1 Qa5 15. f3 exf3 16. Qxf3 Qd8 17. Nc4 Nb4 18. a3 Nd5 19. Nxd5 Qxd5 20. Ne5 Qxf3 21. Rxf3 Bf6 22. Rf2 Rd8 23. Nf3 h6 24. Ne5 Bd7 25. Nxd7 Rxd7 26. Bg3 g5 27. Re2 h5 28. c3 h4 29. Bf2 e5 30. dxe5 Bxe5 31. e4 Re8 32. g3 hxg3 33. hxg3 Bb8 34. Rbe1 Rde7 35. Kg2 fxe4 36. g4 b6 37. Bd4 Bf4 38. b4 b5 39. Bc5 Re6 40. Bxa7 Kf7 41. Bd4 Be5 42. Bxe5 Rxe5 43. Kf2 R8e6 44. Ke3 Rd6 45. Kf2 Rf6+ 46. Ke3 Rf4 47. Rg1 Rd5 48. Rc2 Rd3+ 49. Ke2 Ke6 50. c4 Rdf3 51. cxb5 Rf2+ 52. Kd1 Rxc2 53. Kxc2 cxb5 54. Kd2 Kd5 55. Rc1 Kd4 56. Rc5 Rxg4 57. Rxb5 Rg2+ 58. Ke1 Ke3 59. Kf1 Rf2+ 60. Kg1 g4 61. Rg5 Rf4 62. b5 Kf3 63. b6 Rf7 64. Rb5 Rd7 65. Rb1 e3 66. b7 e2 67. b8=Q Rd1+ 68. Kh2 e1=Q 69. Qb3+ Kf2 70. Qg3+ 1-0

[Event "ChessOrg Schachfestival 2024 Bad Wörishofen"]
[White "Higatsberger, Michael"]
[Black "Krueger, Norbert"]
[Site "Bad Woerishofen"]
[Round "4.11"]
[Annotator "wempe"]
[Result "1-0"]
[Date "2024.??.??"]
[WhiteElo "2037"]
[BlackElo "1993"]
[PlyCount "75"]
[GameId "2101637454430822"]
[EventDate "2024.03.11"]

1. e4 c5 2. Nf3 e6 3. Nc3 Nc6 4. d4 cxd4 5. Nxd4 Nf6 6. g3 Bb4 7. Bg2 O-O 8. O-O d6 9. Nde2 e5 10. Bg5 Be6 11. Nd5 Bxd5 12. exd5 Nb8 13. a3 Ba5 14. b4 Bb6 15. c4 Nbd7 16. Rc1 h6 17. Bd2 Qe7 18. Qb3 Nh7 19. Be3 Bxe3 20. Qxe3 b6 21. Nd4 Rfe8 22. Nc6 Qf8 23. Rce1 f5 24. f4 e4 25. Bh3 g6 26. g4 fxg4 27. Bxg4 Nhf6 28. Be6+ Kh7 29. Kh1 a5 30. Qh3 Qg7 31. Rg1 axb4 32. axb4 Ra2 33. Rxg6 Qxg6 34. Bf5 Qxf5 35. Qxf5+ Kh8 36. Rg1 e3 37. Qg6 Rg8 38. Qxh6+ 1-0

[Event "ChessOrg Schachfestival 2024 Bad Wörishofen"]
[White "Bhend, Edwin"]
[Black "Gass, Ulrich"]
[Site "Bad Woerishofen"]
[Round "4.12"]
[Annotator "wempe"]
[Result "1/2-1/2"]
[Date "2024.??.??"]
[WhiteElo "2113"]
[BlackElo "1941"]
[PlyCount "50"]
[GameId "2101638789108340"]
[EventDate "2024.03.11"]

1. d4 g6 2. e4 Bg7 3. c3 d6 4. Nf3 Nc6 5. Bc4 Nf6 6. Nbd2 O-O 7. O-O e5 8. dxe5 dxe5 9. Qc2 Qe7 10. Re1 Bg4 11. h3 Bd7 12. Nf1 Nh5 13. Ne3 Na5 14. Nd5 Qd6 15. Bf1 c6 16. Ne3 b5 17. a4 a6 18. b4 Nb7 19. Rd1 Qc7 20. c4 bxa4 21. Qxa4 Nf4 22. Ra2 h6 23. Rad2 Be6 24. Bb2 a5 25. bxa5 Rxa5 1/2-1/2

[Event "ChessOrg Schachfestival 2024 Bad Wörishofen"]
[White "Gerl, Hans"]
[Black "Luciani, Carlo"]
[Site "Bad Woerishofen"]
[Round "4.13"]
[Annotator "wempe"]
[Result "1-0"]
[Date "2024.??.??"]
[WhiteElo "1965"]
[BlackElo "2162"]
[PlyCount "74"]
[GameId "2101639927325311"]
[EventDate "2024.03.11"]

1. d4 Nf6 2. c4 g6 3. Nc3 Bg7 4. e4 d6 5. f3 O-O 6. Be3 c6 7. Bd3 e5 8. d5 cxd5 9. cxd5 Nh5 10. Nge2 f5 11. exf5 gxf5 12. Qd2 a6 13. O-O Nd7 14. a4 Nc5 15. Bc4 Kh8 16. b4 Nd7 17. a5 b5 18. axb6 Nxb6 19. Bb3 Bb7 20. Rfe1 Nd7 21. Ra5 Rc8 22. Ra2 Rg8 23. b5 Nc5 24. Bxc5 Rxc5 25. bxa6 Qb6 26. Kh1 Bxa6 27. Rb1 Bxe2 28. Na4 Qd8 29. Nxc5 dxc5 30. Qxe2 Qh4 31. Qe1 Qe7 32. d6 Qxd6 33. Bxg8 Kxg8 34. Ra8+ Kf7 35. Qf1 Bf6 36. Qc4+ Kg6 37. Qa6 Qd4 1-0

[Event "ChessOrg Schachfestival 2024 Bad Wörishofen"]
[White "Geyer, Bernhard"]
[Black "Barten, Ralf"]
[Site "Bad Woerishofen"]
[Round "4.14"]
[Annotator "wempe"]
[Result "1/2-1/2"]
[Date "2024.??.??"]
[WhiteElo "2119"]
[BlackElo "1963"]
[PlyCount "101"]
[GameId "2101640903598733"]
[EventDate "2024.03.11"]

1. e4 c6 2. Nc3 d5 3. g3 dxe4 4. Nxe4 Nf6 5. Bg2 Nxe4 6. Bxe4 Be6 7. Bg2 g6 8. Nf3 Bg7 9. O-O O-O 10. d4 Bd5 11. c3 Nd7 12. Re1 Re8 13. Bf4 Qb6 14. Qc2 Rad8 15. Be3 Qc7 16. c4 Bxf3 17. Bxf3 e5 18. d5 cxd5 19. Bxd5 Nb6 20. Bxb6 Qxb6 21. Qb3 Re7 22. Qxb6 axb6 23. a4 Kf8 24. b3 e4 25. Ra2 f5 26. Kg2 Bd4 27. Ree2 Bc3 28. Rac2 Bb4 29. f3 exf3+ 30. Kxf3 Rdd7 31. h3 g5 32. h4 h6 33. hxg5 hxg5 34. Rh2 Rh7 35. g4 fxg4+ 36. Kxg4 Ke8 37. Kxg5 Rxh2 38. Rxh2 Kd8 39. Kf5 Kc7 40. Rh3 Re7 41. Be6 Kd6 42. Rd3+ Kc7 43. Ke5 Kc6 44. Kf6 Rh7 45. Bf5 Re7 46. Be6 Rh7 47. Ke5 Kc7 48. Rf3 Rg7 49. Kd5 Rg5+ 50. Bf5 Rg7 51. Kd4 1/2-1/2

[Event "ChessOrg Schachfestival 2024 Bad Wörishofen"]
[White "Kierzek, Matthias"]
[Black "Stern, Robert"]
[Site "Bad Woerishofen"]
[Round "4.15"]
[Annotator "wempe"]
[Result "1/2-1/2"]
[Date "2024.??.??"]
[WhiteElo "2112"]
[BlackElo "1962"]
[PlyCount "39"]
[GameId "2101641557209752"]
[EventDate "2024.03.11"]

1. d4 d5 2. c4 dxc4 3. e4 Nc6 4. d5 Ne5 5. Bf4 Ng6 6. Bg3 Nf6 7. Nc3 e5 8. Nf3 Bd6 9. Bxc4 O-O 10. O-O a6 11. a4 Bg4 12. h3 Bd7 13. Re1 Qe8 14. Nh4 Nxh4 15. Bxh4 Be7 16. Qf3 h6 17. a5 Nh7 18. Bg3 Bd6 19. Qd3 Qe7 20. Qe2 1/2-1/2